| 000 | 00000nas 2200000za 4500 |
| 001 | 9.507797 |
| 003 | CaOODSP |
| 005 | 20241203113633 |
| 007 | cr ||||||||||| |
| 008 | 150406d19892005oncar p o||||f| |0eng|d |
| 040 | |aCaOODSP|beng |
| 043 | |an-cn--- |
| 086 | 1 |aEn81-20E-PDF |
| 245 | 00|aNational inventory of PCBs in use and PCB wastes in storage in Canada, ... annual report |h[electronic resource] / |cprepared for Canadian Council of Ministers of the Environment. |
| 246 | 1 |aNational inventory of PCBs in use and PCB wastes in storage in Canada, summary ... report |
| 260 | |aOttawa : |bEnvironment Canada |
| 310 | |aAnnual |
| 362 | 0 |a1989-2005. |
| 690 | 07|aEnvironmental management|2gcpds |
| 690 | 07|aToxic substances|2gcpds |
| 690 | 07|aWaste management|2gcpds |
| 710 | 1 |aCanada. |bEnvironment Canada. |
| 775 | 08|tInventaire national des matières contenant des BPC utilisées ou entreposées au Canada, rapport sommaire de ... |w(CaOODSP)9.504177 |